000 00907nam a22002775i 4500
001 69178
003 ES-MaACL
005 20250806063127.0
007 t|
008 040916s1992 sp ||||0| spa d
020 _a84-00-07300-2
040 _aM-BN
_bspa
_cM-BN
080 _a75 Ter Borch, Gerard
080 _a929 Ter Borch, Gerard
100 1 _aPortela Sandoval, Francisco,
_d1944-2015​
_993213
245 1 0 _aGerard Ter Borch, el holandés viajero /
_cFrancisco José Portela Sandoval.
260 _a[Madrid] :
_bInstituto de Estudios Madrileños,
_cD.L. 1992.
300 _a35 p., [16] p. de lám. ;
_c21 cm.
490 1 _aEuropeos en Madrid
504 _aBibliografía: p. 35.
600 1 4 _aTer Borch, Gerard.
_9109718
710 2 _aInstituto de Estudios Madrileños
_94916
830 0 _aEuropeos en Madrid
_9183264
852 _aES-MaACL
_j2179-F-19
_bR.121149
999 _c69178
_d69178